| 000 | 00000nam##2200000za#4500 |
| 001 | 9.663837 |
| 003 | CaOODSP |
| 005 | 20210615121238 |
| 007 | ta |
| 008 | 150407|2002||||xxc||||| f|0| 0 eng|d |
| 020 | |a0-662-66665-8 |
| 040 | |aCaOODSP|beng |
| 041 | |aeng |
| 041 | |afre |
| 043 | |an-cn--- |
| 086 | 1 |aBT22-83/2002 |
| 110 | 1 |aCanada. |bTreasury Board. |
| 245 | 10|aAccess to information: making it work for Canadians : |breport of the Access to Information Review Task Force / |cIssued by the Access to Information Review Task Force. |
| 260 | |aOttawa - Ontario : |bTreasury Board of Canada Secretariat |c2002. |
| 300 | |aEnglish text, vi, 225p. : |bgraphs, references, tables ; |c28 cm. + |e1 CD-ROM under the same title. |
| 500 | |aIncorrect catalogue number (BT22-83-2002-MRC) printed in this publication. |
| 563 | |aSoftcover |
| 590 | |a02-26|b2002-06-28 |
| 690 | 07|aAccess to information|2gcpds |
| 690 | 07|aFederal government|2gcpds |
| 776 | 0#|tAccess to information - making it work for Canadians : |w(CaOODSP)9.686304 |
| 776 | 0#|tAccès à l'information - comment mieux servir les Canadiens : |w(CaOODSP)9.630780 |
| 776 | 0#|tAccès à l'information: comment mieux servir les Canadiens / |w(CaOODSP)9.663840 |
| 792 | |tAccès à l'information: comment mieux servir les Canadiens : |efre|w(CaOODSP)9.663838 |